Egy Borbár megvalósíthatósági tanulmánya

Bibliográfiai részletek
Szerző: Földházi Zsófia Fruzsina
További közreműködők: Debreceni János
Dokumentumtípus: Diplomadolgozat
Kulcsszavak:Borbár
megvalósíthatósági tanulmány
borfogyasztási trendek
Online Access:http://dolgozattar.uni-bge.hu/20534

MARC

LEADER 00000nta a2200000 i 4500
001 dolg20534
005 20200226104332.0
008 190503suuuu hu om 000 hun d
040 |a BGE Dolgozattár Repozitórium  |b hun 
041 |a hu 
100 1 |a Földházi Zsófia Fruzsina 
245 1 0 |a Egy Borbár megvalósíthatósági tanulmánya  |c Földházi Zsófia Fruzsina  |h [elektronikus dokumentum] 
246 1 1 |a Egy Borbár megvalósíthatósági tanulmánya 
695 |a Borbár 
695 |a megvalósíthatósági tanulmány 
695 |a borfogyasztási trendek 
700 1 |a Debreceni János  |e ths 
856 4 0 |u http://dolgozattar.uni-bge.hu/20534/1/Szakdolgozat%20F%C3%B6ldh%C3%A1zi%20zs%C3%B3fia%202019_fin.pdf  |z Dokumentum-elérés